Escape The Backrooms Hints - Statistics

General Stats
  • This quiz has been taken 30 times
    7 since last reset
  • The average score is 26 of 45
Answer Stats
Picture Answer % Correct
Level 9223372036854775807
100%
Dark Poolrooms
80%
Electrical Station
80%
Field of Wheat
80%
Kitty’s House
80%
Level 0
80%
Level 188
80%
Level 3999
80%
Level Fun+
80%
School Halls
80%
Thalassophobia
80%
Abandoned Outpost
60%
Habitable Zone
60%
Habitable Zone
60%
Hotel Chase
60%
Kitty’s House
60%
Level 0.11 - Manila Room
60%
Level 188
60%
Level 55.1
60%
Level 94 - Floating Castle
60%
Level 94 - Motion
60%
Level Fun+
60%
Level Fun+
60%
Level Fun+
60%
Overgrowth
60%
Terror Hotel - Lobby
60%
Thalassophobia
60%
Thalassophobia
60%
The Grassrooms
60%
Cave System
40%
Dark Poolrooms
40%
Habitable Zone
40%
Habitable Zone
40%
Habitable Zone
40%
Level 0.11
40%
Level 0.2
40%
Level 0.2
40%
Level 6.1
40%
Level Fun+
40%
Lights Out
40%
Terror Hotel - Boiler Room
40%
Terror Hotel - Rooms
40%
The Abandoned Office
40%
The Hub
40%
The Suburbs
40%
No matching quizzes found
Score Distribution
Percent of People with Each Score
Percentile by Number Answered
Your Score History
You have not taken this quiz since the last reset